000 00671nam a22001697a 4500
003 UA-OsUOA
001 9800
007 ta
008 20041129b un ||||| |||| 00| 0 ukr d
942 _cSA
040 _aUA-OsUOA
_cUA-OsUOA
_dUA-OsUOA
245 _aКімната-музей бандуриста і педагога
_b[В одному з навч. закл. Рівного, де А. Грицай вів групу бандуристів, відкрито кімнату-музей його пам'яті]
300 _aС.1
955 _a0
773 0 _w0
_tВісті Рівненщини
_dРівне
_d2004
_g№110/24 листоп./
650 7 _aГрицай А.
_2UDC
999 _c295961
_d295961